[Event "Charleville Mezieres op 14th"]
[Site "Charleville Mezieres"]
[Date "2017.12.26"]
[Round "4"]
[White "Picot, Nathan"]
[Black "Decruyenaere, Pierre Stephane"]
[Result "1-0"]
[WhiteElo "1203"]
[BlackElo "1255"]
[PlyCount "55"]
[EventDate "2017.12.26"]
[EventType "swiss"]
[EventRounds "7"]
[EventCountry "FRA"]
[SourceTitle "CBM 182 Extra"]
[Source "ChessBase"]
[SourceDate "2018.02.23"]
[SourceVersion "1"]
[SourceVersionDate "2018.02.23"]
[SourceQuality "1"]

1. e4 e5 2. Nf3 Nc6 3. Nc3 Bc5 4. Bc4 d6 5. d3 Bg4 6. h3 Be6 7. Bxe6 fxe6 8. Ng5 Qf6 9. Nf3 0-0-0 10. Bg5 Qf7 11. Bxd8 Kxd8 12. Qd2 a6 13. 0-0-0 d5 14. a3 Nge7 15. Na4 Bd6 16. d4 exd4 17. e5 Nxe5 18. Qxd4 N7c6 19. Nxe5 Bxe5 20. Qh4+ g5 21. Qg4 Bf4+ 22. Kb1 h5 23. Qf3 Ne5 24. Qb3 b6 25. g3 Bxg3 26. fxg3 Nc4 27. Qxc4 Kc8 28. Qxa6+ 1-0

[Event "Charleville Mezieres op 14th"]
[Site "Charleville Mezieres"]
[Date "2017.12.26"]
[Round "6"]
[White "Toro, Raphael"]
[Black "Decruyenaere, Pierre Stephane"]
[Result "0-1"]
[WhiteElo "1280"]
[BlackElo "1255"]
[PlyCount "88"]
[EventDate "2017.12.26"]
[EventType "swiss"]
[EventRounds "7"]
[EventCountry "FRA"]
[SourceTitle "CBM 182 Extra"]
[Source "ChessBase"]
[SourceDate "2018.02.23"]
[SourceVersion "1"]
[SourceVersionDate "2018.02.23"]
[SourceQuality "1"]

1. d4 d5 2. Bf4 Nc6 3. e3 e6 4. Nf3 Nf6 5. Bd3 Bd6 6. Ne5 h6 7. Bb5 g5 8. Nxc6 bxc6 9. Bxc6+ Bd7 10. Bxa8 Qxa8 11. Bxd6 cxd6 12. Qf3 Ne4 13. 0-0 f5 14. Rd1 Rf8 15. Nd2 Bb5 16. Nxe4 dxe4 17. Qh5+ Ke7 18. Qxh6 g4 19. Qg7+ Ke8 20. Qg6+ Ke7 21. Qg5+ Ke8 22. Qh5+ Ke7 23. Qh7+ Ke8 24. Kh1 Rf7 25. Qg6 Ke7 26. Qg5+ Rf6 27. Qg7+ Rf7 28. Qg5+ Rf6 29. Rg1 Qh8 30. Qf4 Rh6 31. a4 Ba6 32. Ra3 e5 33. dxe5 dxe5 34. Qg3 Kf6 35. Rc3 Kg5 36. f4+ exf3 37. gxf3 Bb7 38. e4 Bc8 39. Rc5 f4 40. Qg2 g3 41. Rd1 Rxh2+ 42. Kg1 Rxg2+ 43. Kxg2 Qh2+ 44. Kf1 Qf2# 0-1